Konfiškácia pôdy Nemcov, Maďarov a domácich zradcov a kolaborantov na Slovensku po roku 1945 bakalárska práca

Na minha lista:
Detalhes bibliográficos
Autor principal: Poliaková, Veronika
Corporate Authors: Ekonomická univerzita v Bratislave. Národohospodárska fakulta, Univerzita Komenského v Bratislave. Právnická fakulta
Outros Autores: Sombati, Ján
Formato: Livro
Idioma:eslovaco
Publicado em: Bratislava 2018
Tags: Adicionar Tag
Sem tags, seja o primeiro a adicionar uma tag!

MARC

LEADER 00000nbm a2200000 4500
001 0245947
005 20181214125411.5
041 0 |a slo 
044 |a SK 
245 1 0 |a Konfiškácia pôdy Nemcov, Maďarov a domácich zradcov a kolaborantov na Slovensku po roku 1945  |b bakalárska práca  |c Veronika Poliaková ; školiteľ: Ján Sombati 
264 1 |a Bratislava  |c 2018 
300 |a 44 s. 
100 1 |a Poliaková, Veronika 
700 1 |a Sombati, Ján 
710 2 |a Ekonomická univerzita v Bratislave. Národohospodárska fakulta 
710 2 |a Univerzita Komenského v Bratislave. Právnická fakulta